<?xml version="1.0" encoding="UTF-8"?>
<record
    xmlns:xsi="http://www.w3.org/2001/XMLSchema-instance"
    xsi:schemaLocation="http://www.loc.gov/MARC21/slim http://www.loc.gov/standards/marcxml/schema/MARC21slim.xsd"
    xmlns="http://www.loc.gov/MARC21/slim">

  <leader>00784nam a2200265   4500</leader>
  <datafield tag="999" ind1=" " ind2=" ">
    <subfield code="c">16472</subfield>
    <subfield code="d">16472</subfield>
  </datafield>
  <controlfield tag="005">20260622100200.0</controlfield>
  <controlfield tag="008">200810b2016    enkj|||f s||| 001 0 eng d</controlfield>
  <datafield tag="020" ind1=" " ind2=" ">
    <subfield code="a">978-0-321-98958-1</subfield>
  </datafield>
  <datafield tag="040" ind1=" " ind2=" ">
    <subfield code="a">EG-INP</subfield>
    <subfield code="b">eng</subfield>
    <subfield code="c">EG-INP</subfield>
  </datafield>
  <datafield tag="082" ind1=" " ind2=" ">
    <subfield code="a">519.5</subfield>
    <subfield code="b">M. S</subfield>
    <subfield code="2">21</subfield>
  </datafield>
  <datafield tag="100" ind1=" " ind2=" ">
    <subfield code="a">Samuels,Myra L.</subfield>
  </datafield>
  <datafield tag="245" ind1=" " ind2=" ">
    <subfield code="a">Statistics for the Life Sciences/</subfield>
    <subfield code="c">Myra L. Samuels, Jeffrey A. Witmer,, Andrew A. Schaffner</subfield>
  </datafield>
  <datafield tag="250" ind1=" " ind2=" ">
    <subfield code="a">fifth</subfield>
  </datafield>
  <datafield tag="260" ind1=" " ind2=" ">
    <subfield code="a">England:</subfield>
    <subfield code="b">Pearson Education,</subfield>
    <subfield code="c">2016.</subfield>
  </datafield>
  <datafield tag="300" ind1=" " ind2=" ">
    <subfield code="a">651P.</subfield>
    <subfield code="b">paper,</subfield>
    <subfield code="c">24 cm.</subfield>
  </datafield>
  <datafield tag="490" ind1=" " ind2=" ">
    <subfield code="a">Global Edition</subfield>
  </datafield>
  <datafield tag="650" ind1=" " ind2=" ">
    <subfield code="2">qrmak</subfield>
    <subfield code="a">statistics</subfield>
    <subfield code="9">3129</subfield>
  </datafield>
  <datafield tag="650" ind1=" " ind2=" ">
    <subfield code="2">qrmak</subfield>
    <subfield code="a">Life science</subfield>
    <subfield code="9">2009</subfield>
  </datafield>
  <datafield tag="650" ind1=" " ind2=" ">
    <subfield code="2">qrmak</subfield>
    <subfield code="a">Applied statistics</subfield>
    <subfield code="9">199</subfield>
  </datafield>
  <datafield tag="650" ind1=" " ind2=" ">
    <subfield code="2">qrmak</subfield>
    <subfield code="a">populations</subfield>
    <subfield code="9">4168</subfield>
  </datafield>
  <datafield tag="901" ind1=" " ind2=" ">
    <subfield code="a">INP</subfield>
  </datafield>
  <datafield tag="902" ind1=" " ind2=" ">
    <subfield code="a">egpv34</subfield>
  </datafield>
  <datafield tag="903" ind1=" " ind2=" ">
    <subfield code="a">original</subfield>
  </datafield>
  <datafield tag="942" ind1=" " ind2=" ">
    <subfield code="2">ddc</subfield>
    <subfield code="c">BK</subfield>
  </datafield>
  <datafield tag="952" ind1=" " ind2=" ">
    <subfield code="0">0</subfield>
    <subfield code="1">0</subfield>
    <subfield code="2">ddc</subfield>
    <subfield code="4">0</subfield>
    <subfield code="7">0</subfield>
    <subfield code="a">INP</subfield>
    <subfield code="b">INP</subfield>
    <subfield code="c">MAIN</subfield>
    <subfield code="d">2020-08-10</subfield>
    <subfield code="l">0</subfield>
    <subfield code="o">519.5 M.S</subfield>
    <subfield code="p">021324</subfield>
    <subfield code="r">2022-03-28 00:00:00</subfield>
    <subfield code="w">2020-08-10</subfield>
    <subfield code="y">BK</subfield>
  </datafield>
</record>
